000 00482nam a2200181Ia 4500
001 28643
003 IN-NITTTR
005 20251114233353.0
008 251113s9999||||xx |||||||||||||| ||eng||
040 _beng
040 _cIN-NITTTR
041 _aeng
082 _a621.89 K1A
100 _aKhonsari, Michael M.
245 0 _aApplied tribology :
_b bearing design and lubrication /
_cKhonsari, Michael M., Booser, E. Richard
700 _a Booser, E. Richard
942 _2ddc
_cBK
999 _c31271
_d31271